| 000 | 00425nam a22001337a 4500 | ||
|---|---|---|---|
| 082 |
_a624.1834 _bMOR |
||
| 100 |
_aMorgan, W. _941014 |
||
| 245 |
_aElementary Reinforced concrete design for students of architecture, building, and engineering _cMorgan, W. |
||
| 260 |
_aLondon _bEdward Arnold _cc1976. |
||
| 300 |
_aiii, p 406 _bill _c16cm |
||
| 526 |
_a0 _b0 _c0 _d624_183400000000000_MOR |
||
| 650 |
_aMCE _9379 |
||
| 942 |
_2ddc _cBK |
||
| 999 |
_c547103 _d547103 |
||